Word Ladder: Tonight Show II Quiz Stats

 Plays Quiz Updated Apr 25, 2015

Challenge
Share
Tweet
Embed
Score 0/15 Timer 03:00
2 Plays Today
Clue 6-Letter Word % Correct
A container for milk or eggsCARTON
97.5%
'The Nutcracker' or 'Swan Lake'BALLET
92.2%
Long-time 'Tonight Show' host JohnnyCARSON
92%
A device used to cast votes in an electionBALLOT
91.2%
Current 'Tonight Show' host JimmyFALLON
90.3%
Wadded into a spherical shapeBALLED
85.4%
An exchange of light teasingBANTER
84.6%
A horse's step; faster than a trot but slower than a gallopCANTER
84.5%
Clue 6-Letter Word % Correct
Site of the Pro Football Hall of FameCANTON
84%
The flag of a country or armyBANNER
83.4%
With 'd'Or,' UEFA's top footballerBALLON
82.4%
Something forbidden; like nuclear weaponsBANNED
81.6%
The leader of singing in churchCANTOR
81.5%
Committed an illegal movement in baseballBALKED
71.4%
Sloped upward in a curveBANKED
65.5%

Today's Daily Dose

You're not logged in!

Compare scores with friends on all Sporcle quizzes.
OR
Log In

You Might Also Like...

Show Comments

Extras

Top Quizzes Today


Score Distribution

Your Account Isn't Verified!

In order to create a playlist on Sporcle, you need to verify the email address you used during registration. Go to your Sporcle Settings to finish the process.

Report this User

Report this user for behavior that violates our Community Guidelines.

Details: